[Event "Hessenliga 1718"]
[Site "Hessen"]
[Date "2018.02.18"]
[Round "7.3"]
[White "Schupp, Tobias"]
[Black "Sunder, Thomas"]
[Result "1/2-1/2"]
[WhiteElo "2157"]
[BlackElo "2188"]
[PlyCount "91"]
[EventDate "2017.09.17"]
[EventType "team-tourn"]
[EventRounds "9"]
[EventCountry "GER"]
[SourceTitle "CBM 189 Extra"]
[Source "ChessBase"]
[SourceDate "2019.06.03"]
[SourceVersion "1"]
[SourceVersionDate "2019.06.03"]
[SourceQuality "1"]
[WhiteTeam "Niederbrechen"]
[BlackTeam "Giessen"]
[WhiteTeamCountry "GER"]
[BlackTeamCountry "GER"]

1. Nf3 c5 2. g3 Nc6 3. Bg2 g6 4. c4 Bg7 5. Nc3 e5 6. d3 Nge7 7. Bg5 h6 8. Bd2 d6 9. a3 0-0 10. Rb1 Be6 11. Qc1 Kh7 12. h4 f6 13. b4 Qd7 14. 0-0 Rab8 15. Kh2 b6 16. Ne1 f5 17. Nd5 Rbc8 18. Qd1 e4 19. dxe4 Ne5 20. bxc5 Rxc5 21. Nxe7 Qxe7 22. Bb4 f4 23. Bxc5 dxc5 24. Nc2 Bxc4 25. Bh3 f3 26. e3 Rd8 27. Qe1 Nd3 28. Qd1 Qxe4 29. Ne1 Nxe1 30. Qxe1 Bxf1 31. Bxf1 Qc2 32. Rc1 Qb2 33. a4 Rd2 34. Kg1 Be5 35. Rd1 Bc3 36. Rxd2 Qxd2 37. Qb1 Qd5 38. Bd3 Qe6 39. Be4 Kg7 40. Bxf3 Be5 41. Qe4 Qd6 42. Kg2 h5 43. Qb7+ Qc7 44. Qxc7+ Bxc7 45. Be2 Be5 46. f4 1/2-1/2

[Event "Hofheim Spring op-A 3rd"]
[Site "Hofheim"]
[Date "2015.04.11"]
[Round "9"]
[White "Kuhn, Gerhard"]
[Black "Schupp, Tobias"]
[Result "0-1"]
[WhiteElo "2010"]
[BlackElo "2136"]
[PlyCount "88"]
[EventDate "2015.04.07"]
[EventType "swiss"]
[EventRounds "9"]
[EventCountry "GER"]
[SourceTitle "EXT 2016"]
[Source "ChessBase"]
[SourceDate "2015.10.08"]
[SourceVersion "1"]
[SourceVersionDate "2015.10.08"]
[SourceQuality "1"]

1. e4 e6 2. d4 d5 3. Nd2 Nc6 4. Ngf3 Nf6 5. e5 Nd7 6. c3 f6 7. exf6 Qxf6 8. Bd3 Bd6 9. 0-0 0-0 10. Nb3 e5 11. Bg5 Qf7 12. dxe5 Ndxe5 13. Nxe5 Nxe5 14. Be2 c6 15. Bh4 Ng6 16. Bg3 Nf4 17. Bf3 Bf5 18. Nd4 Bg6 19. b4 Rae8 20. Qd2 Be5 21. Rad1 Nh3+ 22. Kh1 Bxd4 23. cxd4 Qd7 24. Rfe1 Rxf3 25. Rxe8+ Bxe8 26. gxf3 Qf5 27. Qe2 Bh5 28. Rd3 Ng5 29. Kg2 Qh3+ 30. Kg1 Qf5 31. Kg2 Qh3+ 32. Kg1 h6 33. Re3 Kh7 34. Qd3+ Bg6 35. Qe2 h5 36. Re7 Qf5 37. Be5 Nxf3+ 38. Kh1 Bf7 39. Rxb7 h4 40. Rxf7 Qxf7 41. Kg2 h3+ 42. Kg3 Ng5 43. Qg4 Ne4+ 44. Kh4 g5+ 0-1

[Event "Hofheim Spring op-A 3rd"]
[Site "Hofheim"]
[Date "2015.04.08"]
[Round "2"]
[White "Cichy, Michael"]
[Black "Schupp, Tobias"]
[Result "0-1"]
[WhiteElo "2008"]
[BlackElo "2136"]
[PlyCount "96"]
[EventDate "2015.04.07"]
[EventType "swiss"]
[EventRounds "9"]
[EventCountry "GER"]
[SourceTitle "CBM 166 Extra"]
[Source "ChessBase"]
[SourceDate "2015.06.18"]
[SourceVersion "1"]
[SourceVersionDate "2015.06.18"]
[SourceQuality "1"]

1. d4 e6 2. Nf3 c5 3. e3 Nf6 4. c4 cxd4 5. exd4 d5 6. Nc3 Nc6 7. Bd3 Be7 8. 0-0 0-0 9. Re1 Nb4 10. Bf1 dxc4 11. Bxc4 Qc7 12. Bb3 Rd8 13. Bg5 Nfd5 14. Nxd5 Nxd5 15. Rc1 Qd6 16. Bxd5 Bxg5 17. Nxg5 Qxd5 18. Qh5 Qf5 19. Rc5 Qg6 20. Qxg6 hxg6 21. Rc7 Rd7 22. Rec1 Rxc7 23. Rxc7 f6 24. Ne4 b6 25. f3 Ba6 26. Kf2 Rc8 27. Rxc8+ Bxc8 28. Ke3 Kf8 29. f4 Bb7 30. Nd6 Bxg2 31. Nc8 Bc6 32. Nxa7 Bd7 33. d5 Ke7 34. dxe6 Kxe6 35. b3 Kf5 36. Kf3 g5 37. fxg5 Kxg5 38. Kg3 Kf5 39. Kf3 g5 40. b4 Ke5 41. Ke3 f5 42. a4 Bxa4 43. Nc8 f4+ 44. Kf3 Bc6+ 45. Kf2 b5 46. Ne7 Be4 47. Ng8 Bd5 48. Ne7 Kd4 0-1

[Event "Rhein Main op-A 17th"]
[Site "Bad Homburg"]
[Date "2014.06.19"]
[Round "3"]
[White "Schupp, Tobias"]
[Black "Hort, Vlastimil"]
[Result "0-1"]
[WhiteElo "2124"]
[BlackElo "2427"]
[PlyCount "62"]
[EventDate "2014.06.18"]
[EventType "swiss"]
[EventRounds "7"]
[EventCountry "GER"]
[SourceTitle "CBM 161 Extra"]
[Source "ChessBase"]
[SourceDate "2014.08.29"]
[SourceVersion "1"]
[SourceVersionDate "2014.08.29"]
[SourceQuality "1"]

1. Nf3 g6 2. g3 Bg7 3. Bg2 e5 4. d3 d5 5. 0-0 Nc6 6. e4 d4 7. Ne1 Nge7 8. f4 Be6 9. Nf3 h6 10. fxe5 Nxe5 11. Nxe5 Bxe5 12. Nd2 Bg7 13. Nf3 Nc6 14. Bd2 Qd7 15. Rf2 0-0-0 16. b4 g5 17. b5 Ne5 18. Nxe5 Bxe5 19. a4 f6 20. Bf3 g4 21. Be2 h5 22. Bf4 Qg7 23. Bxe5 fxe5 24. Qd2 h4 25. Bf1 Rh6 26. gxh4 Rxh4 27. Re1 g3 28. Rg2 Rxh2 29. Be2 Rdh8 30. Rxh2 gxh2+ 31. Kh1 Rg8 0-1

[Event "Wiesbaden op 23rd"]
[Site "Wiesbaden"]
[Date "2011.08.26"]
[Round "2"]
[White "Malek, Daniel"]
[Black "Schupp, Tobias"]
[Result "1/2-1/2"]
[WhiteElo "2341"]
[BlackElo "2041"]
[PlyCount "80"]
[EventDate "2011.08.25"]
[EventType "swiss"]
[EventRounds "7"]
[EventCountry "GER"]
[SourceTitle "CBM 144 Extra"]
[Source "ChessBase"]
[SourceDate "2011.10.28"]
[SourceVersion "1"]
[SourceVersionDate "2011.10.28"]
[SourceQuality "1"]

1. d4 c5 2. d5 d6 3. e4 Nf6 4. Nc3 g6 5. Bb5+ Bd7 6. a4 Bg7 7. Nf3 0-0 8. h3 Bxb5 9. axb5 Nbd7 10. 0-0 a6 11. bxa6 Rxa6 12. Rxa6 bxa6 13. Qd3 Qb6 14. b3 Rc8 15. Bd2 c4 16. bxc4 Qb4 17. Ra1 Qxc4 18. Rxa6 Qxd3 19. cxd3 Nc5 20. Rc6 Ra8 21. e5 Ne8 22. exd6 exd6 23. d4 Nd3 24. g3 Kf8 25. Nb5 Ke7 26. Rb6 h6 27. Rb7+ Kf8 28. h4 Ra1+ 29. Kg2 Ra2 30. Nc7 Rb2 31. Ra7 Nxc7 32. Rxc7 Rb5 33. Ra7 Nb2 34. Bf4 Rxd5 35. Rd7 Nc4 36. Rc7 Na3 37. Be3 Nb5 38. Rc4 Ke7 39. Kf1 Kd7 40. Ke2 Nc7 1/2-1/2

[Event "Rhein Main op 13th"]
[Site "Bad Homburg"]
[Date "2010.06.06"]
[Round "7"]
[White "Schupp, Tobias"]
[Black "Will, Dominik"]
[Result "1/2-1/2"]
[WhiteElo "2041"]
[BlackElo "1969"]
[PlyCount "82"]
[EventDate "2010.06.02"]
[EventType "swiss"]
[EventRounds "7"]
[EventCountry "GER"]
[SourceTitle "EXT 2011"]
[Source "ChessBase"]
[SourceDate "2010.11.26"]
[SourceVersion "1"]
[SourceVersionDate "2010.11.26"]
[SourceQuality "1"]

1. d4 Nf6 2. c4 g6 3. Nc3 Bg7 4. e4 d6 5. Nf3 0-0 6. Be2 e5 7. 0-0 Nc6 8. dxe5 dxe5 9. Qxd8 Rxd8 10. Bg5 Re8 11. Nd5 Nxd5 12. cxd5 Nd4 13. Nxd4 exd4 14. f3 Bd7 15. Rac1 c6 16. dxc6 Bxc6 17. b4 a6 18. Bc4 Bb5 19. Rfe1 d3 20. Red1 Bb2 21. Bxb5 Bxc1 22. Bxe8 Bxg5 23. Ba4 Rd8 24. Kf2 Be7 25. Ke3 Bxb4 26. Rxd3 Bc5+ 27. Ke2 Rxd3 28. Kxd3 Bg1 29. h3 b6 30. Bc6 Kg7 31. e5 Kf8 32. Ke4 Ke7 33. g4 f6 34. Bd5 fxe5 35. Kxe5 Bh2+ 36. Ke4 Kf6 37. Bb7 a5 38. f4 g5 39. f5 h6 40. Kd5 Bg1 41. Kd6 Bf2 1/2-1/2

[Event "Rhein Main op 13th"]
[Site "Bad Homburg"]
[Date "2010.06.03"]
[Round "2"]
[White "Isserman, Ryhor"]
[Black "Schupp, Tobias"]
[Result "1-0"]
[WhiteElo "2304"]
[BlackElo "2041"]
[PlyCount "119"]
[EventDate "2010.06.02"]
[EventType "swiss"]
[EventRounds "7"]
[EventCountry "GER"]
[SourceTitle "EXT 2011"]
[Source "ChessBase"]
[SourceDate "2010.11.26"]
[SourceVersion "1"]
[SourceVersionDate "2010.11.26"]
[SourceQuality "1"]

1. e4 g6 2. d4 c6 3. Nc3 d5 4. e5 h5 5. f4 Bg4 6. Nf3 e6 7. Be3 Qb6 8. Rb1 Nh6 9. Be2 Bxf3 10. Bxf3 Nf5 11. Bf2 c5 12. Na4 Qa5+ 13. c3 cxd4 14. b4 Qc7 15. cxd4 Nd7 16. 0-0 Rc8 17. Be2 Bh6 18. g3 0-0 19. Rc1 Qxc1 20. Qxc1 Rxc1 21. Rxc1 Nb6 22. Nc5 Rc8 23. Bb5 Bf8 24. Kg2 Nc4 25. Bxc4 dxc4 26. a3 b6 27. Ne4 a5 28. d5 exd5 29. Nf6+ Kg7 30. Nxd5 b5 31. Bb6 axb4 32. axb4 Ra8 33. Ba5 Nd4 34. Rd1 Ne6 35. Kf3 Rc8 36. Nc3 Rb8 37. Ke4 Be7 38. Rd5 Bd8 39. Rxb5 Ra8 40. Nd5 Bxa5 41. Rxa5 Rb8 42. Ra3 Rc8 43. h3 Rb8 44. g4 hxg4 45. hxg4 Rh8 46. b5 Rh1 47. b6 Re1+ 48. Re3 Rd1 49. Nf6 Rd4+ 50. Kf3 Rxf4+ 51. Kg3 Rf1 52. Rb3 Nc5 53. b7 Nxb7 54. Rxb7 Re1 55. Ne8+ Kf8 56. Nd6 Rxe5 57. Rxf7+ Kg8 58. Rc7 Rd5 59. Nxc4 g5 60. Kf3 1-0

[Event "Rhein Main op 13th"]
[Site "Bad Homburg"]
[Date "2010.06.02"]
[Round "1"]
[White "Schupp, Tobias"]
[Black "Schellen, Sven"]
[Result "1-0"]
[WhiteElo "2041"]
[BlackElo "1672"]
[PlyCount "105"]
[EventDate "2010.06.02"]
[EventType "swiss"]
[EventRounds "7"]
[EventCountry "GER"]
[SourceTitle "EXT 2011"]
[Source "ChessBase"]
[SourceDate "2010.11.26"]
[SourceVersion "1"]
[SourceVersionDate "2010.11.26"]
[SourceQuality "1"]

1. d4 d5 2. Nf3 Bf5 3. c4 e6 4. Nc3 c6 5. Qb3 Qb6 6. c5 Qxb3 7. axb3 Nd7 8. Bf4 Be7 9. b4 h6 10. h4 Ngf6 11. b5 0-0 12. bxc6 bxc6 13. e3 a5 14. Bc7 Ra7 15. Bh2 Rfa8 16. Be2 Rb7 17. Ra2 Ne4 18. Nxe4 Bxe4 19. 0-0 Bxf3 20. Bxf3 Bxh4 21. Rfa1 Bd8 22. e4 Nb8 23. Bf4 Na6 24. exd5 exd5 25. Re1 Nc7 26. Bg4 Nb5 27. Re8+ Kh7 28. Bd2 Nxd4 29. Bc3 f5 30. Bh3 g5 31. g4 Nf3+ 32. Kg2 d4 33. Kxf3 fxg4+ 34. Bxg4 dxc3 35. bxc3 Rab8 36. Rd2 Rf7+ 37. Ke2 Bc7 38. Re6 Rbf8 39. Kf1 Bf4 40. Ra2 Rf6 41. Rxa5 Rxe6 42. Bxe6 Be3 43. Ke2 Bxf2 44. Bd7 h5 45. Bxc6 Kg7 46. Be4 Bg3 47. c6 Kh6 48. Ra6 Bc7 49. Ra7 Rf7 50. Ra8 g4 51. Rg8 Re7 52. Rg6+ Kh7 53. Re6+ 1-0